01911nam a2200241 i 4500001001500000005001700015008004100032020001800073040002300091082002200114100003100136245012000167260009500287300002100382490002700403520105400430650003001484650003401514650003801548650003201586650002901618651002201647Rebiun0280280720260407155745.0001219s2000 sp 001 0 spa c a9788478469345 aSpMaUCCEdAR-MoUNM0 220a336bCARC 2651 aCárceles de Gea, Beatriz10aFraude y desobediencia fiscal en la Corona de Castilla en el siglo XVII :b1621-1700 / cBeatriz Cárceles de Gea. aValladolid : bJunta de Castilla y León. Consejería de Educación y Cultura, cc2000. a365 p. ;c25 cm.0 a(Estudios de historia)8 aEl punto de partida del estudio es el análisis del recurso de impuesto de los millones como una fórmula de la contribución universal que ofrece una saneada fuente de ingresos a la corona. Los «Millones» fueron durante los siglos XVI y XVII un impuesto indirecto sobre la alimentación impuesto por Felipe II, aprobado por las Cortes de Castilla el 4 de abril de 1590. Se aplicaba sobre el consumo de las seis especias: vino, vinagre, aceite, carne, jabón y velas de cebo, se renovaba de seis en seis meses. La autora no se interesa por el monto de los impuestos ni por su eficacia de cara a los apuros del monarca ni por los efectos sobre las distintas clases sociales ni sobre su impacto sobre la economía castellana. La autora trata de definir las consecuencias que pudo tener la propuesta hacendística de la corona sobre el contrato que fundamentaba la relación entre el rey y el reino , o dicho en otras palabras sobre la constitución interna que regulaba los derechos y deberes respectivos de la Monarquía y sus vasallos.  72unescotaHACIENDA PUBLICA 7aRECURSOS FINANCIEROS2unescot 72unescotaDISTRIBUCION DEL INGRESO 72unescotaCONFLICTO POLITICO 72unescotaCRISIS POLITICA 7aESPAÑA2unescot